000 00327 a2200109 4500
001 ART_14661
005 20260410161913.0
008 260409a
245 1 0 _aThe pereption of welfare inequality
100 1 _aVan Praag, Bernard
773 0 _tEuropean economic review
_g- Vol. 10, NÂș 2 (nov. 1977)
_wREV13346
999 _c26971
_d26971